Completion report of the new Viceregal lodge at si (Record no. 699696)

MARC details
000 -LEADER
fixed length control field 00803nam a2200265Ia 4500
003 - CONTROL NUMBER IDENTIFIER
control field OSt
005 - DATE AND TIME OF LATEST TRANSACTION
control field 20220927111957.0
008 - FIXED-LENGTH DATA ELEMENTS--GENERAL INFORMATION
fixed length control field 220926b |||||||| |||| 00| 0 eng d
037 ## - SOURCE OF ACQUISITION
Terms of availability Reports
040 ## - CATALOGING SOURCE
Original cataloging agency RTL
Transcribing agency RTL
Language of cataloging eng
041 ## - LANGUAGE CODE
Source of code eng
Language code of text/sound track or separate title eng
110 ## - MAIN ENTRY--CORPORATE NAME
Corporate name or jurisdiction name as entry element Govt of India
9 (RLIN) 365324
245 #0 - TITLE STATEMENT
Title Completion report of the new Viceregal lodge at si
260 ## - PUBLICATION, DISTRIBUTION, ETC.
Place of publication, distribution, etc. Calcutta
Name of publisher, distributor, etc. Govt Printing Press India
Date of publication, distribution, etc. 1890
300 ## - PHYSICAL DESCRIPTION
Extent "16p, with plats"
Dimensions cm.
490 ## - SERIES STATEMENT
Series statement "selection from the records of the Govt of India, Public Works Deptt serial, 22,"
650 ## - SUBJECT ADDED ENTRY--TOPICAL TERM
Topical term or geographic name entry element Engineering
700 ## - ADDED ENTRY--PERSONAL NAME
Personal name Govt of India
9 (RLIN) 365325
942 ## - ADDED ENTRY ELEMENTS (KOHA)
Classification part "D3:7,24521.M88, C0"
Koha item type
Holdings
Withdrawn status Lost status Damaged status Not for loan Home library Current library Date acquired Total Checkouts Full call number Barcode Date last seen Price effective from Koha item type
        Ratan Tata Library Ratan Tata Library 2022-09-27   "D3:7,24521.M88 C0" RTB 001380 2022-09-27 2022-09-27  
Copyright @ Delhi University Library System